| 000 | 00628cam a22001934a 4500 | ||
|---|---|---|---|
| 005 | 20250605164215.0 | ||
| 008 | 250528s ||||||||||||||||||||||||d | ||
| 035 | _a20451 | ||
| 020 | _a77131420 | ||
| 040 |
_aGR-AtMCL _bgre _dGR-AtMCL _eAACR2 |
||
| 245 | 1 | _aEvents (1968/ 1969) / The Complete Scenario of the Film by Fred Baker | |
| 260 |
_bGrove Press, Inc, _c1970 |
||
| 300 | _a128 | ||
| 520 | _aThis book is about filmmaker, Ryan, who wants to make his own film, but who, in order to raise money, must first make some stag films... | ||
| 700 | 1 |
_aBaker Fred _96441 |
|
| 942 | _cBK | ||
| 999 |
_c5557 _d5557 |
||